[Event "PRAGUE OPEN 2020 - A - IM open"]
[Site "?"]
[Date "2020.01.12"]
[Round "4"]
[White "Domogaev, Sergey"]
[Black "Stankovic, Milos"]
[Result "0-1"]
[BlackElo "2466"]
[WhiteElo "2334"]
[LiveChessVersion "1.4.8"]

1. Nf3 {[%clk 1:30:54]} Nf6 {[%clk 1:20:46]} 2. c4 {[%clk 1:31:12]} g6
{[%clk 1:20:47]} 3. Nc3 {[%clk 1:31:34]} d5 {[%clk 1:20:50]} 4. Qa4+
{[%clk 1:31:49]} Bd7 {[%clk 1:18:54]} 5. Qb3 {[%clk 1:32:04]} dxc4
{[%clk 1:17:06]} 6. Qxc4 {[%clk 1:32:26]} Bg7 {[%clk 1:14:45]} 7. d4
{[%clk 1:31:46]} O-O {[%clk 1:13:25]} 8. e4 {[%clk 1:24:48]} b5 {[%clk 1:09:01]}
9. Nxb5 {[%clk 1:14:28]} Nxe4 {[%clk 1:01:34]} 10. Qxc7 {[%clk 1:11:42]} Nc6
{[%clk 0:54:01]} 11. Qxd8 {[%clk 1:10:40]} Rfxd8 {[%clk 0:53:08]} 12. Be2
{[%clk 1:05:34]} Nb4 {[%clk 0:48:20]} 13. Na3 {[%clk 1:04:47]} Be6
{[%clk 0:44:51]} 14. Be3 {[%clk 0:58:30]} Nd5 {[%clk 0:38:05]} 15. Bd3
{[%clk 0:54:00]} Bf5 {[%clk 0:30:54]} 16. Bc4 {[%clk 0:39:01]} Rab8
{[%clk 0:28:56]} 17. Bb3 {[%clk 0:39:12]} Nxe3 {[%clk 0:23:58]} 18. fxe3
{[%clk 0:37:27]} Bh6 {[%clk 0:21:21]} 19. Ke2 {[%clk 0:35:41]} Be6
{[%clk 0:21:18]} 20. Bxe6 {[%clk 0:26:57]} Rxb2+ {[%clk 0:20:56]} 21. Kd3
{[%clk 0:27:13]} Nc5+ {[%clk 0:21:07]} 22. Kc3 {[%clk 0:27:36]} Na4+
{[%clk 0:21:30]} 23. Kd3 {[%clk 0:28:01]} Nc5+ {[%clk 0:21:35]} 24. Kc3
{[%clk 0:28:25]} Na4+ {[%clk 0:22:00]} 25. Kd3 {[%clk 0:28:41]} fxe6
{[%clk 0:22:15]} 26. Nc4 {[%clk 0:26:11]} Rxg2 {[%clk 0:21:28]} 27. Rhg1
{[%clk 0:25:13]} Nc5+ {[%clk 0:19:57]} 28. Kc3 {[%clk 0:25:31]} Ne4+
{[%clk 0:19:42]} 29. Kd3 {[%clk 0:25:39]} Nc5+ {[%clk 0:19:09]} 30. Kc3
{[%clk 0:26:01]} Ne4+ {[%clk 0:19:34]} 31. Kd3 {[%clk 0:26:17]} Rxg1
{[%clk 0:19:22]} 32. Rxg1 {[%clk 0:26:37]} Nd6 {[%clk 0:19:38]} 33. Nce5
{[%clk 0:25:43]} Rb8 {[%clk 0:17:19]} 34. Rg2 {[%clk 0:21:47]} Rb4
{[%clk 0:14:38]} 35. Kc3 {[%clk 0:13:20]} Rb6 {[%clk 0:13:39]} 36. Re2
{[%clk 0:12:06]} Nb5+ {[%clk 0:10:26]} 37. Kc4 {[%clk 0:12:10]} Nc7
{[%clk 0:10:21]} 38. e4 {[%clk 0:11:03]} Ne8 {[%clk 0:10:01]} 39. Nd7
{[%clk 0:10:08]} Nd6+ {[%clk 0:09:37]} 40. Kc3 {[%clk 0:07:12]} Rb1
{[%clk 0:08:45]} 41. Nc5 {[%clk 0:06:57]} Rf1 {[%clk 0:08:03]} 42. Ne5
{[%clk 0:06:08]} Bg7 {[%clk 0:05:15]} 43. Nxe6 {[%clk 0:06:08]} Nb5+
{[%clk 0:29:48]} 44. Kc4 {[%clk 0:36:18]} Nxd4 {[%clk 0:29:42]} 45. Nxd4
{[%clk 0:36:30]} Bxe5 {[%clk 0:30:05]} 46. Nc6 {[%clk 0:36:58]} Rc1+
{[%clk 0:29:59]} 47. Kb5 {[%clk 0:30:41]} Rb1+ {[%clk 0:27:06]} 48. Kc4
{[%clk 0:27:16]} Rc1+ {[%clk 0:23:06]} 49. Kd5 {[%clk 0:22:04]} Bd6
{[%clk 0:22:49]} 50. Nxa7 {[%clk 0:21:24]} Rc5+ {[%clk 0:22:35]} 51. Ke6
{[%clk 0:19:32]} Bb8 {[%clk 0:22:38]} 0-1

[Event "PRAGUE OPEN 2020 - A - IM open"]
[Site "?"]
[Date "2020.01.12"]
[Round "4"]
[White "Czerw, Dawid"]
[Black "Low, Zhen Yu Cyrus"]
[Result "1/2-1/2"]
[BlackElo "2415"]
[WhiteElo "2262"]
[LiveChessVersion "1.4.8"]

1. d4 {[%clk 1:30:57]} Nf6 {[%clk 1:30:54]} 2. c4 {[%clk 1:31:23]} g6
{[%clk 1:31:18]} 3. Nc3 {[%clk 1:31:49]} d5 {[%clk 1:31:43]} 4. Bf4
{[%clk 1:32:14]} Bg7 {[%clk 1:31:57]} 5. e3 {[%clk 1:32:35]} O-O {[%clk 1:32:04]}
6. Rc1 {[%clk 1:33:00]} Be6 {[%clk 1:32:23]} 7. cxd5 {[%clk 1:33:01]} Nxd5
{[%clk 1:32:45]} 8. Nxd5 {[%clk 1:33:26]} Qxd5 {[%clk 1:32:56]} 9. b3
{[%clk 1:32:57]} c6 {[%clk 1:22:46]} 10. Nf3 {[%clk 1:31:13]} Nd7
{[%clk 1:21:46]} 11. Bc4 {[%clk 1:09:00]} Qf5 {[%clk 1:18:14]} 12. Bd3
{[%clk 1:00:50]} Qa5+ {[%clk 1:16:25]} 13. Qd2 {[%clk 1:00:25]} Qxd2+
{[%clk 1:12:37]} 14. Nxd2 {[%clk 0:58:18]} Rac8 {[%clk 1:07:53]} 15. Ke2
{[%clk 0:44:58]} Nf6 {[%clk 0:56:25]} 16. Be5 {[%clk 0:41:50]} Rfd8
{[%clk 0:54:27]} 17. Rhd1 {[%clk 0:38:07]} Bf8 {[%clk 0:53:21]} 18. Bxf6
{[%clk 0:28:33]} exf6 {[%clk 0:53:50]} 19. Ne4 {[%clk 0:28:54]} f5
{[%clk 0:51:39]} 20. Nc5 {[%clk 0:28:58]} Bxc5 {[%clk 0:51:59]} 21. dxc5
{[%clk 0:24:26]} Kf8 {[%clk 0:47:22]} 22. Bc4 {[%clk 0:20:27]} Rxd1
{[%clk 0:47:35]} 23. Kxd1 {[%clk 0:20:09]} Ke7 {[%clk 0:47:28]} 24. Ke2
{[%clk 0:19:04]} Rd8 {[%clk 0:47:51]} 25. Bxe6 {[%clk 0:18:22]} Kxe6
{[%clk 0:48:20]} 26. h4 {[%clk 0:15:53]} Ke5 {[%clk 0:46:56]} 27. g3
{[%clk 0:15:42]} f6 {[%clk 0:46:41]} 28. Rc4 {[%clk 0:15:11]} Rd5
{[%clk 0:46:52]} 29. b4 {[%clk 0:14:52]} Rd8 {[%clk 0:46:39]} 30. Rc1
{[%clk 0:14:30]} h6 {[%clk 0:45:50]} 31. Rb1 {[%clk 0:13:00]} Rd7
{[%clk 0:45:32]} 32. Rc1 {[%clk 0:13:14]} g5 {[%clk 0:45:24]} 33. Rc4
{[%clk 0:10:10]} Rd8 {[%clk 0:45:11]} 34. f4+ {[%clk 0:03:11]} Ke6
{[%clk 0:45:34]} 35. h5 {[%clk 0:02:42]} Rg8 {[%clk 0:43:27]} 36. Kf2
{[%clk 0:01:15]} a5 {[%clk 0:43:00]} 37. a3 {[%clk 0:00:50]} axb4
{[%clk 0:42:50]} 38. Rxb4 {[%clk 0:01:07]} Rg7 {[%clk 0:43:11]} 39. Rd4
{[%clk 0:01:21]} Rg8 {[%clk 0:43:24]} 40. Rb4 {[%clk 0:01:34]} Rb8
{[%clk 0:42:49]} 41. Rd4 {[%clk 0:24:08]} Ra8 {[%clk 1:13:05]} 42. fxg5
{[%clk 0:23:14]} hxg5 {[%clk 1:12:38]} 43. Rb4 {[%clk 0:19:08]} Ra7
{[%clk 1:11:56]} 44. e4 {[%clk 0:17:46]} Rxa3 {[%clk 1:07:24]} 45. exf5+
{[%clk 0:16:30]} Kxf5 {[%clk 1:07:52]} 46. g4+ {[%clk 0:16:12]} Ke5
{[%clk 1:08:21]} 47. Rxb7 {[%clk 0:16:23]} Rc3 {[%clk 1:08:38]} 48. h6
{[%clk 0:13:29]} Rh3 {[%clk 1:08:40]} 49. h7 {[%clk 0:13:35]} Kd5
{[%clk 1:06:41]} 50. Rf7 {[%clk 0:13:11]} Rh6 {[%clk 1:05:22]} 51. Kg3
{[%clk 0:11:49]} Kxc5 {[%clk 1:05:44]} 52. Rxf6 {[%clk 0:12:13]} Rxh7
{[%clk 1:06:09]} 53. Rf5+ {[%clk 0:12:39]} Kd4 {[%clk 1:06:32]} 54. Rxg5
{[%clk 0:13:03]} c5 {[%clk 1:06:54]} 55. Rg8 {[%clk 0:12:31]} Rc7
{[%clk 1:07:02]} 56. Rd8+ {[%clk 0:11:55]} Ke4 {[%clk 1:07:26]} 57. Re8+
{[%clk 0:12:00]} Kd3 {[%clk 1:07:51]} 58. Rd8+ {[%clk 0:11:49]} Ke3
{[%clk 1:08:13]} 59. Re8+ {[%clk 0:11:01]} Kd2 {[%clk 1:08:36]} 60. Rd8+
{[%clk 0:11:08]} Kc1 {[%clk 1:09:03]} 61. g5 {[%clk 0:10:32]} c4 {[%clk 1:09:31]}
62. Kg4 {[%clk 0:10:16]} c3 {[%clk 1:09:57]} 63. Rh8 {[%clk 0:09:13]} c2
{[%clk 1:10:11]} 64. Rh2 {[%clk 0:09:06]} Kb1 {[%clk 1:10:12]} 65. Rxc2
{[%clk 0:06:46]} Kxc2 {[%clk 1:10:40]} 66. Kf5 {[%clk 0:07:02]} Rc5+
{[%clk 1:10:57]} 67. Kf6 {[%clk 0:07:11]} Rc6+ {[%clk 1:11:23]} 68. Kf7
{[%clk 0:06:51]} Kd3 {[%clk 1:11:41]} 69. g6 {[%clk 0:07:08]} Ke4
{[%clk 1:12:07]} 70. g7 {[%clk 0:07:19]} Kf5 {[%clk 1:12:29]} 71. g8=Q
{[%clk 0:07:27]} Rc7+ {[%clk 1:12:56]} 72. Kf8 {[%clk 0:07:53]} Rc8+
{[%clk 1:13:23]} 73. Kf7 {[%clk 0:08:18]} Rxg8 {[%clk 1:13:51]} 74. Kxg8
{[%clk 0:08:41]} 1/2-1/2

[Event "PRAGUE OPEN 2020 - A - IM open"]
[Site "?"]
[Date "2020.01.12"]
[Round "4"]
[White "Riha, Vojtech"]
[Black "Malovanyi, Yulian"]
[Result "1/2-1/2"]
[BlackElo "2360"]
[WhiteElo "2247"]
[LiveChessVersion "1.4.8"]

1. e4 {[%clk 1:17:23]} c5 {[%clk 1:30:35]} 2. b4 {[%clk 1:17:36]} b6
{[%clk 1:31:00]} 3. bxc5 {[%clk 1:17:25]} bxc5 {[%clk 1:31:27]} 4. Nc3
{[%clk 1:16:46]} d6 {[%clk 1:29:03]} 5. Bb5+ {[%clk 1:11:21]} Bd7
{[%clk 1:27:06]} 6. Nf3 {[%clk 1:10:06]} g6 {[%clk 1:21:58]} 7. O-O
{[%clk 1:08:15]} Bg7 {[%clk 1:21:34]} 8. Rb1 {[%clk 1:07:32]} Nc6
{[%clk 1:17:49]} 9. Re1 {[%clk 1:03:07]} e6 {[%clk 1:14:49]} 10. Bxc6
{[%clk 0:46:15]} Bxc6 {[%clk 1:14:56]} 11. e5 {[%clk 0:46:11]} Ne7
{[%clk 1:03:52]} 12. Nb5 {[%clk 0:36:43]} Bxb5 {[%clk 1:00:20]} 13. Rxb5
{[%clk 0:37:09]} O-O {[%clk 0:59:13]} 14. Bb2 {[%clk 0:25:22]} Qd7
{[%clk 0:54:14]} 15. c4 {[%clk 0:20:54]} a6 {[%clk 0:51:25]} 16. Rb6
{[%clk 0:18:35]} d5 {[%clk 0:39:15]} 17. cxd5 {[%clk 0:14:44]} Nxd5
{[%clk 0:39:26]} 18. Rd6 {[%clk 0:14:15]} Qb5 {[%clk 0:38:57]} 19. Qc2
{[%clk 0:12:48]} Nb4 {[%clk 0:37:40]} 20. Qe4 {[%clk 0:09:20]} Nxa2
{[%clk 0:33:55]} 21. Bc3 {[%clk 0:09:02]} Nb4 {[%clk 0:33:24]} 22. h4
{[%clk 0:07:56]} Rad8 {[%clk 0:21:28]} 23. h5 {[%clk 0:07:12]} Nd5
{[%clk 0:19:46]} 24. Rb1 {[%clk 0:04:02]} Nxc3 {[%clk 0:19:31]} 25. dxc3
{[%clk 0:04:25]} Rxd6 {[%clk 0:16:25]} 26. exd6 {[%clk 0:03:02]} Qd7
{[%clk 0:15:35]} 27. Rb6 {[%clk 0:02:42]} Bxc3 {[%clk 0:12:49]} 28. Rxa6
{[%clk 0:02:30]} Bg7 {[%clk 0:11:11]} 29. Ne5 {[%clk 0:01:17]} Qb5
{[%clk 0:08:39]} 30. Ra8 {[%clk 0:00:43]} f5 {[%clk 0:04:36]} 31. Rxf8+
{[%clk 0:00:59]} Bxf8 {[%clk 0:04:58]} 32. Qa8 {[%clk 0:00:57]} Qe2
{[%clk 0:02:30]} 33. d7 {[%clk 0:00:34]} Qd1+ {[%clk 0:02:05]} 34. Kh2
{[%clk 0:00:58]} Qxh5+ {[%clk 0:02:33]} 35. Kg1 {[%clk 0:00:49]} Qd1+
{[%clk 0:02:56]} 36. Kh2 {[%clk 0:01:10]} Qh5+ {[%clk 0:03:22]} 37. Kg1
{[%clk 0:00:40]} 1/2-1/2

[Event "PRAGUE OPEN 2020 - A - IM open"]
[Site "?"]
[Date "2020.01.12"]
[Round "4"]
[White "Wiley, Tom E"]
[Black "Vokac, Marek"]
[Result "0-1"]
[BlackElo "2334"]
[WhiteElo "2170"]
[LiveChessVersion "1.4.8"]

1. d4 {[%clk 1:30:57]} g6 {[%clk 1:30:41]} 2. c4 {[%clk 1:31:23]} Nf6
{[%clk 1:30:52]} 3. Nc3 {[%clk 1:31:45]} Bg7 {[%clk 1:31:21]} 4. e4
{[%clk 1:32:07]} d6 {[%clk 1:31:46]} 5. Nf3 {[%clk 1:32:33]} O-O {[%clk 1:32:09]}
6. Be2 {[%clk 1:32:59]} e5 {[%clk 1:32:29]} 7. d5 {[%clk 1:33:16]} a5
{[%clk 1:32:08]} 8. Bg5 {[%clk 1:33:38]} h6 {[%clk 1:32:32]} 9. Bh4
{[%clk 1:34:05]} Qe8 {[%clk 1:32:41]} 10. Nd2 {[%clk 1:33:34]} h5
{[%clk 1:32:45]} 11. Bg5 {[%clk 1:29:45]} Nh7 {[%clk 1:32:28]} 12. Be3
{[%clk 1:30:04]} Qe7 {[%clk 1:32:37]} 13. O-O {[%clk 1:28:03]} Nd7
{[%clk 1:19:27]} 14. a3 {[%clk 1:21:13]} b6 {[%clk 1:13:39]} 15. Rc1
{[%clk 1:17:39]} Bf6 {[%clk 1:04:06]} 16. b4 {[%clk 1:06:30]} axb4
{[%clk 1:04:00]} 17. axb4 {[%clk 1:06:56]} Bg5 {[%clk 1:04:23]} 18. Bxg5
{[%clk 1:07:03]} Nxg5 {[%clk 1:04:37]} 19. Nb3 {[%clk 1:05:44]} h4
{[%clk 0:59:19]} 20. Qd2 {[%clk 0:45:55]} Kg7 {[%clk 0:40:52]} 21. f3
{[%clk 0:43:56]} f5 {[%clk 0:40:18]} 22. exf5 {[%clk 0:41:56]} Rxf5
{[%clk 0:38:13]} 23. f4 {[%clk 0:35:59]} Rxf4 {[%clk 0:36:35]} 24. Rxf4
{[%clk 0:36:20]} exf4 {[%clk 0:36:59]} 25. Qxf4 {[%clk 0:36:40]} Ne5
{[%clk 0:36:57]} 26. Nd4 {[%clk 0:34:10]} Bd7 {[%clk 0:37:02]} 27. Ne4
{[%clk 0:29:02]} Nxe4 {[%clk 0:28:18]} 28. Qxe4 {[%clk 0:29:17]} Rf8
{[%clk 0:26:59]} 29. Rf1 {[%clk 0:25:19]} Rxf1+ {[%clk 0:27:23]} 30. Bxf1
{[%clk 0:25:30]} Qf6 {[%clk 0:27:20]} 31. Be2 {[%clk 0:23:41]} Qg5
{[%clk 0:24:21]} 32. Nf3 {[%clk 0:18:52]} Qc1+ {[%clk 0:19:47]} 33. Bf1
{[%clk 0:19:01]} Nxf3+ {[%clk 0:19:49]} 34. Qxf3 {[%clk 0:18:39]} Qe1
{[%clk 0:19:48]} 35. Qf4 {[%clk 0:09:44]} Bf5 {[%clk 0:17:10]} 36. c5
{[%clk 0:06:59]} Qe4 {[%clk 0:16:35]} 37. Qxe4 {[%clk 0:02:40]} Bxe4
{[%clk 0:17:03]} 38. cxb6 {[%clk 0:03:01]} cxb6 {[%clk 0:17:31]} 39. Kf2
{[%clk 0:03:21]} Kf6 {[%clk 0:17:38]} 40. Ke3 {[%clk 0:03:45]} Ke5
{[%clk 0:17:53]} 41. g3 {[%clk 0:03:54]} hxg3 {[%clk 0:18:03]} 42. hxg3
{[%clk 0:04:19]} Bxd5 {[%clk 0:18:07]} 43. Bd3 {[%clk 0:04:02]} g5
{[%clk 0:18:06]} 44. Bg6 {[%clk 0:03:44]} Be6 {[%clk 0:17:58]} 45. Bh7
{[%clk 0:03:53]} d5 {[%clk 0:17:16]} 46. Bg6 {[%clk 0:03:59]} Bf5
{[%clk 0:14:11]} 47. Bh5 {[%clk 0:03:03]} d4+ {[%clk 0:12:33]} 48. Ke2
{[%clk 0:02:37]} Kd5 {[%clk 0:11:07]} 49. Bf7+ {[%clk 0:02:39]} Be6
{[%clk 0:11:32]} 0-1

[Event "PRAGUE OPEN 2020 - A - IM open"]
[Site "?"]
[Date "2020.01.12"]
[Round "4"]
[White "Wang, Yukun"]
[Black "Neuman, Petr"]
[Result "1/2-1/2"]
[BlackElo "2371"]
[WhiteElo "1990"]
[LiveChessVersion "1.4.8"]

1. e4 {[%clk 1:30:57]} c5 {[%clk 1:30:47]} 2. Nf3 {[%clk 1:31:21]} d6
{[%clk 1:31:07]} 3. d4 {[%clk 1:31:47]} cxd4 {[%clk 1:31:33]} 4. Nxd4
{[%clk 1:32:12]} Nf6 {[%clk 1:31:59]} 5. Nc3 {[%clk 1:32:36]} a6 {[%clk 1:32:26]}
6. Be3 {[%clk 1:31:33]} e6 {[%clk 1:32:22]} 7. f3 {[%clk 1:29:51]} b5
{[%clk 1:32:37]} 8. g4 {[%clk 1:30:16]} Bb7 {[%clk 1:32:30]} 9. Qd2
{[%clk 1:30:32]} Nfd7 {[%clk 1:31:45]} 10. g5 {[%clk 1:26:17]} Nb6
{[%clk 1:31:53]} 11. Bd3 {[%clk 1:12:31]} N8d7 {[%clk 1:31:12]} 12. a4
{[%clk 1:08:50]} bxa4 {[%clk 1:13:55]} 13. Nxa4 {[%clk 1:06:31]} Nxa4
{[%clk 1:13:04]} 14. Rxa4 {[%clk 1:06:58]} d5 {[%clk 1:11:54]} 15. Nb3
{[%clk 1:00:23]} Bc6 {[%clk 0:54:43]} 16. Rxa6 {[%clk 0:59:39]} Rxa6
{[%clk 0:54:35]} 17. Bxa6 {[%clk 1:00:05]} dxe4 {[%clk 0:52:50]} 18. Nd4
{[%clk 0:39:52]} Ba8 {[%clk 0:46:43]} 19. O-O {[%clk 0:36:37]} Bc5
{[%clk 0:42:35]} 20. b4 {[%clk 0:36:39]} Bb6 {[%clk 0:42:59]} 21. c4
{[%clk 0:36:06]} O-O {[%clk 0:43:10]} 22. c5 {[%clk 0:33:35]} Bxc5
{[%clk 0:43:29]} 23. bxc5 {[%clk 0:33:44]} Nxc5 {[%clk 0:43:53]} 24. Be2
{[%clk 0:33:48]} exf3 {[%clk 0:42:42]} 25. Nxf3 {[%clk 0:33:27]} Qxd2
{[%clk 0:41:40]} 26. Nxd2 {[%clk 0:33:53]} Ne4 {[%clk 0:41:50]} 27. Bf3
{[%clk 0:30:44]} Nc3 {[%clk 0:41:17]} 28. Bxa8 {[%clk 0:29:14]} Rxa8
{[%clk 0:41:43]} 29. Nc4 {[%clk 0:29:10]} Nd5 30. Bd2 {[%clk 0:25:00]} Ra2
{[%clk 0:24:53]} 31. Rb1 {[%clk 0:24:26]} f6 {[%clk 0:25:14]} 32. Rb7
{[%clk 0:23:41]} fxg5 {[%clk 0:24:50]} 33. Bxg5 {[%clk 0:22:40]} h6
{[%clk 0:25:15]} 1/2-1/2

[Event "PRAGUE OPEN 2020 - A - IM open"]
[Site "?"]
[Date "2020.01.12"]
[Round "4"]
[White "Laverton, Christian"]
[Black "Laxman, R.R."]
[Result "1/2-1/2"]
[BlackElo "2441"]
[WhiteElo "2109"]
[LiveChessVersion "1.4.8"]

1. d4 {[%clk 1:30:56]} Nf6 {[%clk 1:30:54]} 2. Nf3 {[%clk 1:31:08]} e6
{[%clk 1:31:18]} 3. c4 {[%clk 1:31:17]} b6 {[%clk 1:31:38]} 4. g3
{[%clk 1:31:13]} Ba6 {[%clk 1:32:04]} 5. Qc2 {[%clk 1:30:50]} c5 {[%clk 1:31:51]}
6. d5 {[%clk 1:29:23]} exd5 {[%clk 1:32:09]} 7. cxd5 {[%clk 1:28:52]} Bb7
{[%clk 1:32:35]} 8. Bg2 {[%clk 1:27:01]} Nxd5 {[%clk 1:32:41]} 9. O-O
{[%clk 1:25:21]} Be7 {[%clk 1:33:06]} 10. e4 {[%clk 1:22:24]} Nc7
{[%clk 1:32:26]} 11. Rd1 {[%clk 1:20:23]} O-O {[%clk 1:32:22]} 12. Nc3
{[%clk 1:19:25]} Nc6 {[%clk 1:31:56]} 13. Bf4 {[%clk 1:15:09]} Ne6
{[%clk 1:30:57]} 14. Nd5 {[%clk 1:12:00]} Nxf4 {[%clk 1:30:40]} 15. Nxf4
{[%clk 1:07:14]} Rc8 {[%clk 1:27:17]} 16. e5 {[%clk 1:03:01]} Qe8
{[%clk 1:21:36]} 17. Qf5 {[%clk 0:57:56]} Nb8 {[%clk 1:17:06]} 18. Nd5
{[%clk 0:43:55]} Bxd5 {[%clk 1:17:06]} 19. Rxd5 {[%clk 0:44:01]} g6
{[%clk 1:17:18]} 20. Qg4 {[%clk 0:40:32]} f5 {[%clk 1:15:57]} 21. Qa4
{[%clk 0:36:25]} Nc6 {[%clk 1:15:41]} 22. Rad1 {[%clk 0:35:37]} Rc7
{[%clk 1:16:09]} 23. Qc4 {[%clk 0:27:03]} Kh8 {[%clk 1:14:19]} 24. a3
{[%clk 0:26:18]} Nd8 {[%clk 1:13:02]} 25. Qd3 {[%clk 0:25:36]} Ne6
{[%clk 1:12:21]} 26. Rxd7 {[%clk 0:18:59]} Qb8 {[%clk 1:12:02]} 27. Qc4
{[%clk 0:18:12]} Ng7 {[%clk 1:11:06]} 28. e6 {[%clk 0:16:57]} b5 {[%clk 1:10:43]}
29. Qd5 {[%clk 0:15:57]} Bf6 {[%clk 1:10:04]} 30. b3 {[%clk 0:13:17]} Qb6
{[%clk 1:09:54]} 31. e7 {[%clk 0:07:00]} Bxe7 {[%clk 1:07:48]} 32. Ne5
{[%clk 0:06:38]} Ne6 {[%clk 1:08:05]} 33. Rxc7 {[%clk 0:05:43]} Nxc7
{[%clk 1:08:33]} 34. Qd7 {[%clk 0:05:21]} Re8 {[%clk 1:08:32]} 35. Nc6
{[%clk 0:04:28]} Bf8 {[%clk 1:08:14]} 36. Qf7 {[%clk 0:04:15]} Bg7
{[%clk 1:07:53]} 37. Rd7 {[%clk 0:03:21]} Re1+ {[%clk 1:07:47]} 38. Bf1
{[%clk 0:03:48]} Ne6 {[%clk 1:08:07]} 39. Qe8+ {[%clk 0:02:00]} Nf8
{[%clk 1:08:32]} 40. Qxe1 {[%clk 0:01:10]} Nxd7 {[%clk 1:09:00]} 41. Qe8+
{[%clk 0:01:00]} Nf8 {[%clk 1:09:28]} 42. Bg2 {[%clk 0:23:01]} Qc7
{[%clk 1:38:36]} 43. Ne7 {[%clk 0:20:49]} Qd6 {[%clk 1:34:32]} 44. Bd5
{[%clk 0:18:04]} Qf6 {[%clk 1:34:57]} 45. Nc6 {[%clk 0:16:16]} a6
{[%clk 1:34:39]} 46. f4 {[%clk 0:12:21]} Qa1+ {[%clk 1:34:39]} 47. Kg2
{[%clk 0:12:27]} Qd1 {[%clk 1:35:04]} 48. Qf7 {[%clk 0:10:02]} Qe2+
{[%clk 1:35:28]} 49. Kg1 {[%clk 0:09:29]} 1/2-1/2

[Event "PRAGUE OPEN 2020 - A - IM open"]
[Site "?"]
[Date "2020.01.12"]
[Round "4"]
[White "Kozak, Antoni"]
[Black "Hrbek, Stepan"]
[Result "1/2-1/2"]
[BlackElo "2126"]
[WhiteElo "2380"]
[LiveChessVersion "1.4.8"]

1. d4 {[%clk 1:30:47]} d5 {[%clk 1:30:50]} 2. c4 {[%clk 1:31:12]} e6
{[%clk 1:31:15]} 3. Nc3 {[%clk 1:31:39]} Nf6 {[%clk 1:31:42]} 4. cxd5
{[%clk 1:32:04]} exd5 {[%clk 1:31:55]} 5. Bg5 {[%clk 1:32:17]} c6
{[%clk 1:31:52]} 6. e3 {[%clk 1:32:38]} Be7 {[%clk 1:31:51]} 7. Bd3
{[%clk 1:33:04]} Nbd7 {[%clk 1:31:54]} 8. Nge2 {[%clk 1:33:29]} h6
{[%clk 1:32:00]} 9. Bh4 {[%clk 1:33:46]} Nh5 {[%clk 1:32:02]} 10. Bxe7
{[%clk 1:33:52]} Qxe7 {[%clk 1:32:27]} 11. g4 {[%clk 1:34:20]} Nhf6
{[%clk 1:32:47]} 12. Ng3 {[%clk 1:34:46]} Nb6 {[%clk 1:29:11]} 13. Nf5
{[%clk 1:29:25]} Bxf5 {[%clk 1:14:03]} 14. gxf5 {[%clk 1:28:55]} Nc8
{[%clk 1:09:43]} 15. Rg1 {[%clk 1:23:19]} Nd6 {[%clk 1:02:43]} 16. Rxg7
{[%clk 1:19:52]} O-O-O {[%clk 1:02:53]} 17. Qc2 {[%clk 1:09:23]} Rhg8
{[%clk 1:02:23]} 18. Rg3 {[%clk 1:09:46]} h5 {[%clk 0:49:41]} 19. O-O-O
{[%clk 1:06:33]} h4 {[%clk 0:50:06]} 20. Rgg1 {[%clk 1:07:00]} Kb8
{[%clk 0:49:58]} 21. Kb1 {[%clk 1:07:11]} Ng4 {[%clk 0:42:33]} 22. Qe2
{[%clk 0:49:59]} Nh6 {[%clk 0:42:02]} 23. Qf3 {[%clk 0:50:25]} Qf6
{[%clk 0:41:02]} 24. Qf4 {[%clk 0:50:51]} Ka8 {[%clk 0:35:50]} 25. f3
{[%clk 0:44:08]} Nhxf5 {[%clk 0:27:30]} 26. Rxg8 {[%clk 0:25:12]} Rxg8
{[%clk 0:27:51]} 27. e4 {[%clk 0:25:24]} Qh6 {[%clk 0:17:58]} 28. Qxh6
{[%clk 0:25:28]} Nxh6 {[%clk 0:18:22]} 29. exd5 {[%clk 0:25:56]} Rg2
{[%clk 0:18:05]} 30. dxc6 {[%clk 0:18:16]} bxc6 {[%clk 0:17:39]} 31. Ne4
{[%clk 0:18:43]} Nhf5 {[%clk 0:17:07]} 32. h3 {[%clk 0:14:19]} Rh2
{[%clk 0:14:49]} 33. d5 {[%clk 0:08:56]} cxd5 {[%clk 0:13:21]} 34. Nxd6
{[%clk 0:09:20]} Nxd6 {[%clk 0:13:45]} 35. Ba6 {[%clk 0:09:49]} Kb8
{[%clk 0:12:35]} 36. Rc1 {[%clk 0:09:18]} Nc4 {[%clk 0:08:54]} 37. Bxc4
{[%clk 0:09:16]} dxc4 {[%clk 0:09:09]} 38. Rxc4 {[%clk 0:09:43]} Rxh3
{[%clk 0:09:36]} 39. Rf4 {[%clk 0:09:05]} Rh1+ {[%clk 0:09:38]} 40. Kc2
{[%clk 0:09:32]} h3 {[%clk 0:06:05]} 41. Rxf7 {[%clk 0:09:58]} Rf1
{[%clk 0:06:29]} 42. Rh7 {[%clk 0:10:25]} Rxf3 {[%clk 0:06:48]} 43. Kd2
{[%clk 0:10:44]} Rg3 {[%clk 0:06:26]} 44. a4 {[%clk 0:10:59]} Rg2+
{[%clk 0:06:49]} 45. Kc3 {[%clk 0:11:26]} h2 {[%clk 0:07:06]} 46. b4
{[%clk 0:11:41]} Rg3+ {[%clk 0:07:05]} 1/2-1/2

[Event "PRAGUE OPEN 2020 - A - IM open"]
[Site "Praha, Olympik hotel"]
[Date "2020.01.12"]
[Round "4"]
[White "PRIBYL, Viktor"]
[Black "CHYZY, Jakub"]
[Result "1/2-1/2"]
[WhiteElo "2028"]
[BlackElo "2291"]
[PlyCount "63"]
[EventDate "2020.01.10"]

1. d4 d6 2. e4 Nf6 3. Nc3 g6 4. h3 Bg7 5. g4 O-O 6. Bg2 c5 7. dxc5 dxc5 8. Qxd8
Rxd8 9. Be3 Na6 10. e5 Nd7 11. f4 Nb6 12. Bd2 Nb4 13. O-O-O Be6 14. Nge2 Nc4
15. a3 Nd5 16. Nxd5 Bxd5 17. Bxd5 Rxd5 18. Bc3 Ne3 19. Rxd5 Nxd5 20. Rd1 e6 21.
Bd2 g5 22. c4 Nb6 23. b3 Rd8 24. Bc3 Rxd1+ 25. Kxd1 Nd7 26. Nc1 gxf4 27. Nd3 h5
28. Ke2 hxg4 29. hxg4 Bf8 30. Kf3 Kg7 31. Kxf4 Kg6 32. Kf3 1/2-1/2

[Event "PRAGUE OPEN 2020 - A - IM open"]
[Site "Praha, Olympik hotel"]
[Date "2020.01.12"]
[Round "4"]
[White "STEINER, Juraj"]
[Black "FOO, William J"]
[Result "1/2-1/2"]
[WhiteElo "2004"]
[BlackElo "2186"]
[PlyCount "32"]
[EventDate "2020.01.10"]

1. d4 d5 2. c4 c6 3. cxd5 cxd5 4. Nc3 Nf6 5. Nf3 Nc6 6. Bf4 a6 7. e3 Bf5 8. Be2
Qb6 9. O-O e6 10. Na4 Qa7 11. Rc1 Nd7 12. Nh4 Be4 13. f3 Bg6 14. Kh1 Be7 15.
Bg3 Bxh4 16. Bxh4 Rc8 1/2-1/2

[Event "PRAGUE OPEN 2020 - A - IM open"]
[Site "Praha, Olympik hotel"]
[Date "2020.01.12"]
[Round "4"]
[White "BALINSKI, Damian"]
[Black "TESAR, Jan"]
[Result "1-0"]
[WhiteElo "2139"]
[BlackElo "2001"]
[PlyCount "47"]
[EventDate "2020.01.10"]

1. d4 d5 2. c4 Nc6 3. Nc3 dxc4 4. d5 Ne5 5. f4 Ng4 6. h3 N4h6 7. e4 e5 8. Nf3
Be7 9. Bxc4 exf4 10. Bxf4 g5 11. Bg3 a6 12. Qd4 Bf6 13. Qc5 Bd7 14. Bxc7 Rc8
15. d6 Bxc3+ 16. bxc3 Qf6 17. O-O g4 18. Ne5 Qh4 19. Nxf7 Nf5 20. Qe5+ Kf8 21.
Rxf5 Bxf5 22. Qxf5 Nf6 23. Qxc8+ Kg7 24. Qxh8+ 1-0

[Event "PRAGUE OPEN 2020 - A - IM open"]
[Site "Praha, Olympik hotel"]
[Date "2020.01.12"]
[Round "4"]
[White "OCELAK, Jakub"]
[Black "PTACNIKOVA, Lenka"]
[Result "0-1"]
[WhiteElo "1786"]
[BlackElo "2076"]
[PlyCount "52"]
[EventDate "2020.01.10"]

1. e4 c5 2. Nf3 e6 3. d4 cxd4 4. Nxd4 a6 5. Nc3 Qc7 6. g3 b5 7. Bg2 Bb7 8. O-O
d6 9. a3 Nf6 10. Re1 Nbd7 11. Be3 Ne5 12. Qe2 Be7 13. Rad1 O-O 14. f4 Nc4 15.
e5 dxe5 16. Ndxb5 axb5 17. Nxb5 Qc8 18. Bxb7 Qxb7 19. Qxc4 exf4 20. Bxf4 Nd5
21. Be5 Rfc8 22. Qg4 Bc5+ 23. Bd4 Bxd4+ 24. Nxd4 Nf6 25. Qf3 Qxb2 26. Rb1 Qxd4+
0-1

[Event "PRAGUE OPEN 2020 - A - IM open"]
[Site "Praha, Olympik hotel"]
[Date "2020.01.12"]
[Round "4"]
[White "YAPAR, Nedim"]
[Black "OMELKA, Antonin"]
[Result "1-0"]
[WhiteElo "2058"]
[BlackElo "1891"]
[PlyCount "31"]
[EventDate "2020.01.10"]

1. e4 e5 2. Nf3 Nc6 3. Bb5 d6 4. d4 Bd7 5. Nc3 Nf6 6. O-O g6 7. Bg5 Bg7 8. Bxc6
Bxc6 9. dxe5 dxe5 10. Qxd8+ Rxd8 11. Nxe5 Rd4 12. Nxc6 bxc6 13. Rad1 Rb4 14. b3
O-O 15. e5 Ng4 16. Be7 1-0